Velada literaria celebrada en el Centro Instructivo del obrero para honrar la memoria del que fué Secretario general Manuel Ortiz de Pinedo (Record no. 183848)

MARC details
000 -LEADER
campo de control de longitud fija 00598nam a2200157 i 4500
001 - NÚMERO DE CONTROL
campo de control 183848
003 - IDENTIFICADOR DE NÚMERO DE CONTROL
campo de control ES-MaACL
005 - FECHA Y HORA DE LA ÚLTIMA TRANSACCIÓN
campo de control 20230906222001.0
008 - DATOS DE LONGITUD FIJA--INFORMACIÓN GENERAL
campo de control de longitud fija 141028s1893 sp |||| | spa d
245 00 - MENCIÓN DEL TÍTULO
Título Velada literaria celebrada en el Centro Instructivo del obrero para honrar la memoria del que fué Secretario general Manuel Ortiz de Pinedo
Resto del título : 2 de enero de 1893.
260 ## - PUBLICACIÓN, DISTRIBUCIÓN, ETC.
Lugar de publicación, distribución, etc. Madrid :
Nombre del editor, distribuidor, etc. Ricardo Fé,
Fecha de publicación, distribución, etc. 1893.
300 ## - DESCRIPCIÓN FÍSICA
Extensión 59 p. :
Otras características físicas 1 retr. ;
Dimensiones 23 cm.
600 04 - PUNTO DE ACCESO ADICIONAL DE MATERIA--NOMBRE DE PERSONA
Nombre de persona Ortíz de Pinedo, Manuel.
9 (RLIN) 87604
710 0# - ENTRADA AGREGADA--NOMBRE DE ENTIDAD CORPORATIVA
Nombre de entidad corporativa o nombre de jurisdicción como elemento de entrada Centro Instructivo del Obrero (Madrid)
9 (RLIN) 2746
852 ## - LOCALIZACIÓN
Ubicación ES-MaACL
Número de control de estantería T-703-F-6
Holdings
Estatus retirado Estado de pérdida Estado de daño No para préstamo Colección Biblioteca de origen Biblioteca actual Ubicación en estantería Fecha de adquisición Fuente de adquisición Total de préstamos Signatura topográfica completa Código de barras Visto por última vez Precio de reemplazo Tipo de ítem Koha
        Colección de folletos Biblioteca del Ateneo de Madrid Biblioteca del Ateneo de Madrid Depósito folletos 28/10/2014     T-703-F-6 1193305 23/02/2023 23/02/2023 Folleto